000 00612cam a2200145 4500500
005 20260111085410.0
041 _afre
042 _adc
100 1 0 _aLanghade, Jacques
_eauthor
245 0 0 _aAbû Nasr al-Fârâbî, Aphorismes choisis . Traduction, introduction et lexique par Soumaya Mestiri et Guillaume Dye. Commentaire par Guillaume Dye. Bibliothèque Maktaba. Fayard, 2003, 238 pages, 18 €
260 _c2004.
500 _a36
786 0 _nÉtudes | 400 | 2 | 2004-02-01 | p. XXVI-XXVI | 0014-1941
856 4 1 _uhttps://shs.cairn.info/revue-etudes-2004-2-page-XXVI?lang=fr&redirect-ssocas=7080
999 _c1618142
_d1618142